00468nam a2200157Ia 4500008004100000020001400041082001400055100002000069245006200089250000800151260005500159300002800214500001900242600003300261650001600294240925s9999 xx 000 0 und d a534372813 a519.5 DEV aDevore ,Jay L. 0aProbability and Statistics for Engineering and Scientists a5th aCalifornia:bBrooks/Cole Cengagae Learningc,2000. axvi,289p.bNAfOriginal aIncludes Index aHumanities & Natural Science aMathematics